La ciencia penal en la Universidad de Chile: libro homenaje a los profesores del Departamento de Ciencias Penales de la Facultad de Derecho de la Universidad de Chile
Gorde:
| Erakunde egilea: | |
|---|---|
| Formatua: | Liburua |
| Hizkuntza: | gaztelania |
| Argitaratua: |
Santiago
Facultad de Derecho Universidad de Chile
2013
|
| Edizioa: | 1a. ed |
| Gaiak: | |
| Etiketak: |
Etiketa erantsi
Etiketarik gabe, Izan zaitez lehena erregistro honi etiketa jartzen!
|
MARC
| LEADER | 00000cam a2200000 a 4500 | ||
|---|---|---|---|
| 001 | UCE0084 | ||
| 003 | CL-VaPUC | ||
| 008 | 140103e20130500cl |||||||||||||||||spa|d | ||
| 020 | |a 9789561908185 | ||
| 082 | 0 | 4 | |a 345.8302 |b FAC |2 21 |
| 110 | 2 | |a Facultad de Derecho Universidad de Chile |e author |9 572520 | |
| 245 | 1 | 3 | |a La ciencia penal en la Universidad de Chile: libro homenaje a los profesores del Departamento de Ciencias Penales de la Facultad de Derecho de la Universidad de Chile |
| 250 | |a 1a. ed | ||
| 300 | |a 639 p | ||
| 942 | |c BK | ||
| 945 | |d 20140103 12:15:00 |a dcastane | ||
| 260 | |a Santiago |b Facultad de Derecho Universidad de Chile |c 2013 | ||
| 650 | 7 | |a DERECHO PENAL |2 CL-VaPUC |9 11 | |
| 650 | 7 | |a DERECHO PENAL CHILENO |2 CL-VaPUC |9 572521 | |
| 583 | |a last modification |c 20140103 12:15:00 |k Rodrigo Vera | ||
| 999 | |c 354396 |d 354394 | ||